Movies Quiz

Random Movies or Director Quiz

Quentin Tarantino Movies by Tagline Quiz Stats

Quiz Updated Apr 12, 2018

Challenge
Share
Tweet
Embed
Score 0/9 Timer 03:00
33 Plays Today
% Correct
Inglourious Basterds
96.3%
Kill Bill: Vol. 2
94%
Kill Bill: Vol. 1
87.5%
Reservoir Dogs
86.5%
The Hateful Eight
84.3%
Death Proof
83.9%
Jackie Brown
66.5%
Django Unchained
66.4%
Pulp Fiction
41.6%

You're not logged in!

Compare scores with friends on all Sporcle quizzes.
Join for Free
OR
Log In

You Might Also Like...

Show Comments

Extras

Top Quizzes Today


Score Distribution

Your Account Isn't Verified!

In order to create a playlist on Sporcle, you need to verify the email address you used during registration. Go to your Sporcle Settings to finish the process.

Report this User

Report this user for behavior that violates our Community Guidelines.

Details: